[Event "Romania blitz online op final"]
[Site "Chess.com INT"]
[Date "2020.05.06"]
[Round "7"]
[White "Achirei, Liviu Dumitru"]
[Black "Costachi, Mihnea"]
[Result "0-1"]
[WhiteElo "2023"]
[BlackElo "2471"]
[PlyCount "66"]
[EventDate "2020.05.06"]
[EventType "swiss (blitz)"]
[EventRounds "9"]
[EventCountry "ROU"]
[SourceTitle "CBM 196 Extra"]
[Source "ChessBase"]
[SourceDate "2020.07.31"]
[SourceVersion "1"]
[SourceVersionDate "2020.07.31"]
[SourceQuality "1"]

1. d4 Nf6 2. Nf3 g6 3. c3 Bg7 4. Bg5 Ne4 5. Bf4 c5 6. e3 d6 7. Nbd2 Nxd2 8. Qxd2 0-0 9. h4 h6 10. h5 g5 11. Bg3 Nd7 12. e4 cxd4 13. Nxd4 Nf6 14. Bd3 Bg4 15. f3 Bd7 16. f4 gxf4 17. Bxf4 e5 18. Bxh6 exd4 19. Bg5 dxc3 20. bxc3 Qa5 21. Rc1 Rae8 22. Rh4 Nxe4 23. Bxe4 Bc6 24. h6 Rxe4+ 25. Rxe4 Bxe4 26. hxg7 Re8 27. Kf1 Re5 28. Bf4 Re6 29. Re1 Qf5 30. Kg1 Kxg7 31. Rf1 Qd5 32. Qf2 Rg6 33. Be3 Rxg2+ 0-1

[Event "Romania blitz online op final"]
[Site "Chess.com INT"]
[Date "2020.05.06"]
[Round "5"]
[White "Achirei, Liviu Dumitru"]
[Black "Stoleriu, George"]
[Result "1-0"]
[WhiteElo "2023"]
[BlackElo "2349"]
[PlyCount "119"]
[EventDate "2020.05.06"]
[EventType "swiss (blitz)"]
[EventRounds "9"]
[EventCountry "ROU"]
[SourceTitle "CBM 196 Extra"]
[Source "ChessBase"]
[SourceDate "2020.07.31"]
[SourceVersion "1"]
[SourceVersionDate "2020.07.31"]
[SourceQuality "1"]

1. d4 e6 2. Nf3 Nf6 3. c3 b6 4. Bg5 Bb7 5. Nbd2 h6 6. Bh4 d6 7. e3 Nbd7 8. Bd3 g6 9. Bg3 Bg7 10. 0-0 0-0 11. e4 Qe7 12. e5 dxe5 13. Nxe5 Nxe5 14. Bxe5 c5 15. Qe2 Rad8 16. Nc4 Nd5 17. Bxg7 Kxg7 18. g3 cxd4 19. cxd4 Nb4 20. Be4 Ba6 21. a3 Rxd4 22. axb4 Bxc4 23. Qe3 Rfd8 24. Rfc1 Qxb4 25. Rxa7 Rd1+ 26. Rxd1 Rxd1+ 27. Kg2 Bf1+ 28. Kf3 Qxb2 29. g4 Rc1 30. Rd7 Qf6+ 31. Kg3 Qe5+ 32. f4 Qf6 33. Qxc1 g5 34. Qe3 Bb5 35. Rb7 Bc4 36. Rxb6 gxf4+ 37. Qxf4 Qc3+ 38. Qf3 Qe1+ 39. Qf2 Qxe4 40. h4 Qe5+ 41. Kh3 Qe4 42. Qb2+ Kg6 43. h5+ Kh7 44. Qb1 Bd3 45. Qg1 Qf3+ 46. Kh2 Qf4+ 47. Qg3 Qd2+ 48. Qg2 Qe3 49. Rb7 Be4 50. Rxf7+ Kg8 51. Qf2 Qa3 52. Rd7 Qf8 53. Qxf8+ Kxf8 54. Kg3 Bd5 55. Kf4 Ke8 56. Rh7 Kf8 57. Rxh6 Kg7 58. Rg6+ Kf7 59. Ke5 Bf3 60. Rf6+ 1-0

[Event "Romania blitz online op final"]
[Site "Chess.com INT"]
[Date "2020.05.06"]
[Round "9"]
[White "Pavel, Sebastian Ionut"]
[Black "Achirei, Liviu Dumitru"]
[Result "1-0"]
[WhiteElo "2183"]
[BlackElo "2023"]
[PlyCount "71"]
[EventDate "2020.05.06"]
[EventType "swiss (blitz)"]
[EventRounds "9"]
[EventCountry "ROU"]
[SourceTitle "CBM 196 Extra"]
[Source "ChessBase"]
[SourceDate "2020.07.31"]
[SourceVersion "1"]
[SourceVersionDate "2020.07.31"]
[SourceQuality "1"]

1. e4 c5 2. Nf3 e6 3. d4 cxd4 4. Nxd4 a6 5. Bd3 Qc7 6. f4 Bc5 7. Nb3 Ba7 8. Qg4 g6 9. Bd2 Nf6 10. Qh4 Nh5 11. f5 Nc6 12. Nc3 Ne5 13. 0-0-0 b5 14. Be2 Bb7 15. g4 b4 16. gxh5 bxc3 17. Bxc3 Be3+ 18. Kb1 g5 19. Qh3 Bf4 20. fxe6 fxe6 21. Qg2 0-0-0 22. h4 Rhg8 23. hxg5 Rxg5 24. Qf2 Nc6 25. Bf6 h6 26. Bxd8 Qxd8 27. Rh3 Kb8 28. Rhd3 d6 29. Qxf4 Ne5 30. Rxd6 Qc7 31. a3 Rg2 32. Qxe5 Rxe2 33. Rd8+ Bc8 34. Qxc7+ Kxc7 35. Rh8 Rxe4 36. Rxh6 1-0